000 00547nam a2200193Ia 4500
003 OSt
005 20240516142321.0
008 210210b1948 xxu||||| |||| 00| 0 eng d
040 _cAL
041 _aHindi
082 _a869/137
100 _aMUNSHI (K M)
_9142095
_dकेएम मुंशी
245 _aPatan ka prabhuthva
_b पाटन का प्रभुत्व
260 _aBombay
_bHindi Granth Ratnakar
_c1948
650 _a part I and II
_9142096
690 _aHindi Fiction
_9142097
906 _a023936
942 _2ddc
_cBK
999 _c148901
_d148901